| 000 | 00496nam a22001817a 4500 | ||
|---|---|---|---|
| 003 | NUST - PNEC | ||
| 005 | 20170116181203.0 | ||
| 008 | 160219b xxu||||| |||| 00| 0 eng d | ||
| 020 | _a9788131809273 | ||
| 040 | _cLIBRARY | ||
| 082 | _a621.3 RAJ | ||
| 100 |
_916532 _aRajput, R.K. |
||
| 245 | _aElectrical and electronics engineering | ||
| 260 |
_aNew Delhi: _bLaxmi Publications; _c2013 |
||
| 300 | _a637 pages | ||
| 650 |
_916533 _aElectrical circuits & theory _xEE, EL |
||
| 942 |
_2ddc _cBK |
||
| 999 |
_c71537 _d71537 |
||